000
00222 a2200097 4500
001
46698
100
_a
Alden J
245
_a
The fleet submarine in the US Navy
260
_a
London
_b
Arms Armour
_c
090
_c
29795
_d
29795
942
_a
NUST-CAE
_c
M
_c
21996
999
_c
281771
_d
281771